Vybrané kapitoly z translatológie

Bibliographic Details
Main Authors: Biloveský, Vladimír, 1968- (Author), Djovčoš, Martin, 1982- (Author)
Format: Book
Language:Slovak
Czech
English
PhysicalDescription:258 strán 29 cm
Published: Banská Bystrica Belianum 2020
ISBN:9788055717913
Edition:Druhé vydanie (doplnené a upravené)
Series:Filozofická fakulta
Subjects:

MARC

LEADER 00000cam a2200000 4500
001 vtls012052447
003 SK-MaSNL
005 20260301080445.0
008 210504s2020 xo a frnp 000 0 slo
015 |a SNBA2022/2 
020 |a 9788055717913  |q (brožované) 
040 |a SNK  |b slo  |c SNK  |e rda 
041 0 |a slo  |a cze  |a eng 
044 |a xo  |c SK 
072 7 |a 81  |x Lingvistika. Jazyky  |2 konspekt 
072 7 |a 37.016  |x Učebné osnovy. Vyučovacie predmety. Učebnice  |2 konspekt 
080 |a 81'25  |2 2011 
080 |a (075.8)  |2 2011 
100 1 |a Biloveský, Vladimír,  |d 1968-  |4 aut  |9 208901 
245 1 0 |a Vybrané kapitoly z translatológie  |c Vladimír Biloveský, Martin Djovčoš 
250 |a Druhé vydanie (doplnené a upravené) 
264 1 |a Banská Bystrica  |b Belianum  |c 2020 
300 |a 258 strán  |c 29 cm 
336 |a text  |b txt  |2 rdacontent 
337 |a bez média  |b n  |2 rdamedia 
338 |a zväzok  |b nc  |2 rdacarrier 
490 1 |a Filozofická fakulta 
500 |a Údaje o autoroch 
504 |a Obsahuje bibliografiu 
546 |a Čiastočný text v češtine a angličtine 
650 0 7 |a translatológia  |2 SNKPH  |9 156008 
650 0 7 |a Translatology  |2 SNKPHeng  |9 265628 
655 7 |a učebnice vysokých škôl  |2 SNKPHeng  |9 70191 
655 7 |a Textbooks (higher)  |2 SNKPHeng  |9 276436 
700 1 |a Djovčoš, Martin,  |d 1982-  |4 aut  |9 106092 
710 2 |a Univerzita Mateja Bela v Banskej Bystrici.  |b Filozofická fakulta  |4 pbl  |9 133058 
810 2 |a Univerzita Mateja Bela v Banskej Bystrici.  |t Filozofická fakulta  |9 133058 
852 |a Štátna vedecká knižnica v Banskej Bystrici 
919 |a 978-80-557-1791-3 
958 |a NB 
999 |c 653233  |d 655163 
952 |a SNK  |b SNK  |y PREZ  |7 0  |p 17A1459169  |o snkSB 97093  |i snk2021/13342  |8 0  |0 0  |1 0  |4 0  |d 2021-09-21  |f 1  |l 0  |r 2025-05-16 00:00:00  |w 2026-02-23 
952 |a SNK  |b SNK  |y VYP  |7 0  |p 17A1459170  |o snkSB 97093 D1  |i snk2021/13343  |8 0  |0 0  |1 0  |4 0  |d 2021-09-21  |l 0  |r 2026-02-23 18:28:05  |w 2026-02-23